000 00644nam a2200253Ia 4500
003 0100
008 130307s9999 xx 000 0 und d
020 _a0742512924
040 _cARRUPELIB
050 _aHT1581.Q47 2002
245 4 _aThe quest for community and identity
245 _bcritical essays in Africana social philosophy
260 _aLanham
260 _bRowman and Littlefield Publishers
260 _c2002
300 _a291p.
300 _b23cm
440 _aNew Critical Theory
650 _bCreative ability
650 _cSubconsciousness
650 _dInsight
700 _aBirt, Robert E. (ed.)
942 0 0 _03
999 _c99603
_d99603